Biggest Cities in Hawke's Bay - Statistics

General Stats
  • This quiz has been taken 20 times
  • The average score is 7 of 12
Answer Stats
Population Settlement % Correct
45,000 Hastings
100%
62,800 Napier
100%
13,950 Havelock North
94%
4,390 Waipukurau
94%
4,330 Wairoa
88%
2,170 Waipawa
81%
2,210 Clive
75%
630 Otane
25%
660 Whakatu
19%
1,270 Haumoana
13%
790 Te Awanga
13%
580 Takapau
6%
No matching quizzes found
Score Distribution
Percent of People with Each Score
Percentile by Number Answered
Your Score History
You have not taken this quiz